American Presidents - Statistics

General Stats
  • This quiz has been taken 19 times
  • The average score is 26 of 45
Answer Stats
Hint Answer % Correct
1. George Washington
100%
2. John Adams
100%
3. Thomas Jefferson
89%
4. James Madison
78%
5. James Monroe
78%
16. Abraham Lincoln
72%
17. Andrew Johnson
72%
35. John F. Kennedy
72%
36. Lyndon B. Johnson
72%
40. Ronald Reagan
72%
7. Andrew Jackson
67%
34. Dwight D. Eisenhower
67%
41. George H.W. Bush
67%
43. George W. Bush
67%
38. Gerald R. Ford
67%
39. Jimmy Carter
67%
32. Franklin D. Roosevelt
61%
33. Harry S. Truman
61%
26. Theodore Roosevelt
61%
28. Woodrow Wilson
61%
44. Barrack Obama
56%
30. Calvin Coolidge
56%
11. James K. Polk
56%
8. Martin Van Buren
56%
18. Ulysses S. Grant
56%
25. William Mckinley
56%
23. Benjamin Harrison
50%
21. Chester A. Arthur
50%
45. Donald J. Trump
50%
14. Franklin Pierce
50%
22. Grover Cleveland
50%
24. Grover Cleveland
50%
20. James A. Garfield
50%
10. John Tyler
50%
13. Millard Fillmore
50%
29. Warren G. Harding
50%
9. William Henry Harrison
50%
12. Zachary Taylor
50%
15. James Buchanan
44%
42. William J. Clinton
44%
19. Rutherford B. Hayes
39%
31. Herbert C. Hoover
33%
27. William H. Taft
33%
6. John Quincey Adams
28%
37. Richard M. Nixon
22%
No matching quizzes found
Score Distribution
Percent of People with Each Score
Percentile by Number Answered
Your Score History
You have not taken this quiz